00455 2200181 4500001002100000005001500021035002000036245005200056100001900108250001000127300004000137700001900177260003100196082000800227084001400235600001100249504001300260INLIS00000000000006220221108095854 a0010-11220000621 aFisika modern /cDavid Halliday, Robert Resnick0 aDavid Halliday acet.2 ax, 243 hlm. :bilus. ;c24 x 16 cm.0 aRobert Resnick aJakarta :bErlangga,c1999 a530 a530 DAV f 4aFisika aBiografi